=LDR 00000nam 2200000 4500 =001 INLIS000000000059676 =005 20211124071222 =035 ##$$a 0010-1121000413 =007 ta =008 211124###########################0#ind## =082 ##$$a 351.1 =084 ##$$a 351.1 Fei n =245 1#$$a Netralitas KORPRI demi NKRI /$c Feisal Tamin =300 ##$$a 49 halaman ; $c 18cm =650 #4$$a KORPRI =264 ##$$a jakarta :$b Mendagri RI,$c 2003 =336 ##$$a teks$2 rdacontent =337 ##$$a lain-lain$2 rdamedia =338 ##$$a lain-lain$2 rdacarrier =990 ##$$a 31983198